000 00302nam a2200133Ia 4500
008 150301s2015 xx 000 0 und d
082 _a615
_bM13K
100 _aJAYANT KULKARNI
245 _aMCQS IN PHARMACOLOGY
260 _bCBS- DELHI
300 _a340
650 _aPHARMACEUTICS
942 _2ddc
_cBK
999 _c7228
_d7228